Song Titles by Synonyms - Prog Edition - Statistics

General Stats
  • This quiz has been taken 14 times
  • The average score is 6 of 20
Answer Stats
Hint Answer % Correct
Shimmer unto You Mad Gem Shine on You Crazy Diamond
85%
Near to the Side Close to the Edge
69%
Images of a Metropolis Pictures of a City
62%
Tug me Below Pull me Under
46%
The Cortège of the Red Monarch The Court of the Crimson King
46%
Dense as a Bar Thick as a Brick
46%
Dinner is Prepared Supper's Ready
31%
The Vast Opportunity in the Air The Great Gig in the Sky
31%
Retrieve me Java or Brew Bring me Coffee or Tea
23%
Singe Forth my Pupils Burn out my Eyes
23%
Woman Dream Lady Fantasy
23%
Jape's Dialects in Mold Lark's Tongues in Aspic
23%
Hold on Willful Kin Carry on Wayward Son
15%
Stepping With the Lunar-Illuminated Squire Dancing With the Moonlit Knight
15%
Center of the Dawn Heart of the Sunrise
15%
Mayan Highways Inca Roads
15%
Continually... You Set Me On Still... You Turn Me On
15%
The Multiple Cavalry The Four Horsemen
15%
The Rational Nocturne The Logical Song
8%
The Nightcrawlers The Sleepwalkers
0%
No matching quizzes found
Score Distribution
Percent of People with Each Score
Percentile by Number Answered
Your Score History
You have not taken this quiz